00951nam a2200193Ia 4500008004100000020001500041041001200056100001600068245004900084250000800133260003300141300000800174650001400182942000700196999001700203952017100220952018300391952018300574221030s9999 xx 000 0 und d a8190645102 aEnglish aS. B. Singh 0aCombinatorics & Graph Theorycby S. B. Singh a3rd bKhanna PubaNew Delhic2014 a463 aComputers cBK c15375d15375 pM 2809g350.00i11002l0eRKBr2024-06-10 00:00:00w2022-10-30yBK003Print4070aMIETLIBbMIETLIBcBL-Academic Block B, FL-2, CUP-26, SH-3, R-3d2014-10-0710HMCA pM 2810g350.00i11002l1eRKBr2024-06-10 00:00:00s2023-02-06w2022-10-30yBK003Print4070aMIETLIBbMIETLIBcBL-Academic Block B, FL-2, CUP-82, SH-3, R-3d2014-10-0710HMCA pM 2811g350.00i11002l1eRKBr2024-06-10 00:00:00s2023-02-14w2022-10-30yBK003Print4070aMIETLIBbMIETLIBcBL-Academic Block B, FL-2, CUP-82, SH-3, R-3d2014-10-0710HMCA